América Latina, hoy /

Esta obra busca proporcionar al lector una imagen de la situación actual y de las perspectivas de la región en el campo de la econo -mía y la crisis, del Estado y la política, de los movimientos so -ciales y populares, de la cultura y el poder, de los conflictos y las luchas internas e internacional...

詳細記述

保存先:
書誌詳細
第一著者: González Casanova, Pablo (autor)
フォーマット: 図書
言語:スペイン語
シリーズ:(Biblioteca América Latina. Actualidad y Perspectivas)
主題:
タグ: タグ追加
タグなし, このレコードへの初めてのタグを付けませんか!

MARC

LEADER 00000nam^a2200000^a^4500
001 000038933
005 20250521000000.0
009 20260310085522.925
020 |a 968-23-1624-3 
037 |a Acervo ITESO - Biblioteca 
041 |a ESP 
082 |a 980. 039  |b GON 
100 |a González Casanova, Pablo  |e (autor) 
245 1 0 |a América Latina, hoy /  |c P. González Casanova, et al. 
264 |a México :  |b Siglo XXI,  |c 1990 
300 |a 312 p. 
336 |a texto  |b txt  |2 rdacontenido 
337 |a sin mediación  |b n  |2 rdamedio 
338 |a volumen  |b nc  |2 rdasoporte 
440 1 |a (Biblioteca América Latina.  |p Actualidad y Perspectivas) 
520 |a Esta obra busca proporcionar al lector una imagen de la situación actual y de las perspectivas de la región en el campo de la econo -mía y la crisis, del Estado y la política, de los movimientos so -ciales y populares, de la cultura y el poder, de los conflictos y las luchas internas e internacionales." 
649 |a XX 
650 |a Política -  |z Latinoamérica 
650 |a Sociología 
650 |a Movimientos Sociales -  |z Latinoamérica 
650 |a Latinoamérica -  |x Condiciones Económicas 
650 |a Latinoamérica -  |x Condiciones Políticas 
910 |a Fondo General 
920 |a Impresos - Libros 
930 |a Colección General 
905 |a 101 
901 |a 0389330100  |b IT1  |c ACC  |i 038933  |u 20250521 
901 |a 0389330200  |b IT1  |c ACC  |i 907620  |u 20250521 
902 |a https://opac.biblio.iteso.mx/vufind/Record/000038933